Sector financiero Colombiano

Detalles Bibliográficos
Autor principal: Murillo Vargas, Guillermo
Formato: eBook
Lenguaje:español
Publicado: Bogot ̀: ECOE, 2009
Materias:
Acceso en línea:http://www.vlex.com/source/7675

MARC

LEADER 00000nam a22000007a 4500
005 20130318191052.0
007 cr|||| ||||
008 130318e2009 ck |||||s|||| 00||0 spa d
020 |a 978-958-648-588-3 
035 |a 7675 
040 |a vLex 
090 |c 3954  |d 3954 
100 1 0 |a Murillo Vargas, Guillermo  
245 1 0 |a Sector financiero Colombiano  |c / Guillermo Murillo Vargas   |h [Recurso electrn̤ico]  
256 |a Servicio en ln̕ea 
260 |a Bogot ̀:  |b ECOE,   |c 2009  
300 |a 1 Recurso electrn̤ico  
650 0 4 |a Economa̕  |z Colombia 
650 0 4 |a Banca y finanzas  |z Colombia 
740 |a vLex Libros (Servicio en ln̕ea) 
856 |a Acceso restringido  |u http://www.vlex.com/source/7675 
942 |c BOOK 
999 0 |a Economics